000 02177nam a22001937a 4500
003 NALT
005 20260108162055.0
008 250925b th ||||| |||| 00| 0 tha d
040 _aNALT
245 0 0 _aมือโปร AI : เทคนิคการใช้ AI เพื่อการเรียนและการทำงาน /
_cรวบรวมโดย 39 Publishing.
_h[electronic resource]
260 _aกรุงเทพฯ :
_b39 Publishing,
_cม.ป.ป.
300 _aOnline resource
520 _aหนังสือเล่มนี้ จะช่วยให้ผู้อ่านเข้าใจและใช้งาน AI ได้อย่างมีประสิทธิภาพ เริ่มต้นจากพื้นฐานเทคโนโลยี AI และ Generative AI ไปจนถึงการใช้งานเครื่องมือยอดนิยมอย่าง ChatGPT, Gemini และ Claude พร้อมเทคนิคการประยุกต์ใช้สำหรับงานพัฒนาเว็บไซต์ งานเขียน งานสร้างสรรค์ และการวิเคราะห์ข้อมูล รวมถึงการใช้ AI เพื่อเพิ่มประสิทธิภาพการทำงานร่วมกับทีม พร้อมมุมมองด้านอนาคตและจริยธรรมในการใช้งาน AI ที่ทุกคนควรตระหนักรู้ เหมาะสำหรับทั้งนักพัฒนา นักออกแบบ และผู้ที่ต้องการใช้ AI เพื่อยกระดับการทำงานของตนเอง.
650 4 _aปัญญาประดิษฐ์
_930014
650 4 _aปัญญาประดิษฐ์
_xการใช้ในการศึกษา
_967238
856 4 0 _uhttps://ebook.parliament.go.th/ebookall/detail/438324
_zE-Book
942 _cEBK
_2lcc
996 _ajamriang.p
_bCATSTF
_c2026-01-08
999 _c107295
_d107295
998 _j1020
_k นางจำเรียง ระวังสำโรง